[Event "NED-ch61"]
[Site "Hilversum"]
[Date "2006.06.18"]
[Round "2"]
[White "Tiviakov, Sergei"]
[Black "Stellwagen, Daniel"]
[Result "1-0"]
[WhiteElo "2669"]
[BlackElo "2543"]
[Annotator "Tiviakov,S"]
[PlyCount "81"]
[EventDate "2006.06.17"]
[EventType "tourn"]
[EventRounds "11"]
[EventCountry "NED"]
[EventCategory "13"]
[SourceTitle "CBM 113"]
[Source "ChessBase"]
[SourceDate "2006.07.31"]
[SourceVersion "1"]
[SourceVersionDate "2006.07.31"]
[SourceQuality "1"]

1. e4 c5 2. c3 Nf6 3. e5 Nd5 4. Bc4 Nb6 5. Bb3 c4 6. Bc2 Nc6 7. Nf3 Qc7 8. Qe2
g5 9. e6 dxe6 10. Nxg5 Qe5 11. d4 cxd3 12. Bxd3 Qxe2+ 13. Bxe2 h6 (13... Bg7
14. O-O O-O 15. Nd2 e5 16. Nc4 Nd7 17. Rd1 h6 18. Nf3 e4 19. Nfd2 Nc5 20. Nb3
Nxb3 21. axb3 Be6 22. Be3 Rfd8 23. b4 Rdc8 24. Nd2 f5 25. f3 exf3 26. Bxf3 a6
27. Bc5 Bf7 28. Bxc6 Rxc6 29. Bxe7 Re8 30. Re1 Re6 31. Rxe6 Bxe6 32. Bh4 Bd5
33. Re1 Rxe1+ 34. Bxe1 b5 35. Bg3 Kf7 36. Kf2 Ke6 37. Nf1 Bf6 38. Bf4 h5 39.
Nd2 Bd8 40. g3 Be4 41. Nxe4 fxe4 42. h3 Kf5 43. b3 Bf6 44. Bd2 Be5 45. c4 Bd4+
46. Kg2 e3 47. Be1 Ke4 48. c5 e2 49. g4 hxg4 50. hxg4 Kf4 51. Kh3 Kf3 52. c6
Bf2 53. c7 Bxe1 54. c8=Q Bd2 55. Qf5+ Bf4 56. Qd3+ Kf2 57. Qc2 Kf3 58. Qc3+ Kf2
59. Qf6 Ke3 60. Qh4 Kd2 61. Qd8+ Kc2 62. Qc8+ Kd1 63. Qf5 e1=Q 64. Qxf4 Qc3+
65. Kh4 Qxb3 66. g5 Qe6 67. Qg4+ {1-0 Tiviakov,S-Ranola,Y/Lodi 2005 (67)}) 14.
Ne4 e5 (14... f5 $5) 15. Ng3 (15. O-O Bf5 $5 {/\Bg6}) 15... e6 (15... Be6 16.
Nd2 O-O-O 17. O-O Rg8 18. Re1 Bd5 19. Ndf1 f6 20. Bh5 Be6 21. Ne3 Nc4 22. Nef5
Rh8 23. Nh4 Rg8 24. Ng6 Bg7 25. Bf3 Bf7 26. Nh4 e6 27. Bh5 Bxh5 28. Nxh5 f5 29.
Nxg7 Rxg7 30. b3 Nb6 31. g3 Rh7 32. Kf1 Rd3 33. Bb2 e4 34. Ng6 Nd5 35. Rad1
Rxd1 36. Rxd1 Rd7 37. Ke2 Nf6 38. Rh1 Rg7 39. Nf8 e5 40. Rd1 Rf7 41. Ba3 f4 {
1/2-1/2 Tiviakov,S-Hakki,I/Aden 2004 (41)}) (15... f5 $5) 16. O-O f5 17. Nd2 $1
$146 (17. Rd1 Bd7 18. Nh5 Be7 19. Nd2 Rd8 20. Nc4 Nxc4 21. Bxc4 Kf7 22. Bd2 Na5
23. Be2 b5 24. b3 Nb7 25. f4 Bc5+ 26. Kf1 e4 27. Be1 a5 28. Bh4 Be7 29. Bxe7
Kxe7 30. g4 Bc6 31. gxf5 exf5 32. Kf2 Nc5 33. Ke3 Ne6 34. Ng3 Ng7 35. c4 bxc4
36. Bxc4 Rxd1 37. Rxd1 Rc8 38. Rg1 Kf6 39. Ne2 a4 40. Nc3 axb3 41. axb3 Ra8 42.
Rg2 Ra1 43. Ra2 Rxa2 44. Nxa2 Bd7 45. Be2 Be6 46. Bd1 Bf7 47. Nc3 Ke7 48. b4
Kd6 49. Nb5+ Kc6 50. Ba4 Be6 51. Kd4 Kb6 52. Nd6 Kc7 53. Ke5 Bd7 54. Bd1 Kd8
55. Be2 Kc7 56. Nb5+ Bxb5 57. Bxb5 Kd8 58. h4 Ke7 59. Bc4 Ne8 60. Be2 Nf6 61.
b5 e3 62. Kxf5 Nd5 63. Ke4 Kd6 64. Bf1 Ke6 65. f5+ Kd6 66. Kd4 Ne7 67. Ke4 Nd5
68. Bd3 Nc3+ 69. Kf3 Nd5 70. Bc4 Nf6 71. Kxe3 Kc5 72. Be2 Nd5+ 73. Ke4 Nc3+ 74.
Ke5 {1-0 Tiviakov,S-Van Wely Loek (NED)/Enschede (Netherlands) 2005 (74)})
17... Bd7 (17... e4 18. Nb3 $5 $14 {/\f3} (18. Nc4 Nxc4 19. Bxc4 Bd7 $14)) 18.
Nc4 Nxc4 (18... Nd5 $6 19. Rd1 $16 {/\Nf5}) 19. Bxc4 h5 (19... e4 $5 $14) (
19... O-O-O $5 {/\Kc7, Bc8}) 20. Rd1 h4 (20... O-O-O $5) (20... Be7) 21. Nf1
Rd8 (21... h3 22. g3 $14 {><h3}) 22. Be3 Be7 (22... h3 23. g3 $14) (22... Bh6
23. f3 $14) (22... f4 $6 23. Bd2 $16 {ה, h4}) 23. f3 Kf7 24. Bf2 {[/\Ne3]} (
24. b4 $5 $36 {<<}) 24... Na5 25. Be2 b6 26. b4 Nb7 27. a4 Bc8 28. Ne3 (28. Nd2
$5 $14 {/\Nc4}) (28. Rxd8 Rxd8 29. Ne3 $14) (28. a5 $6 bxa5 29. bxa5 Rxd1 (
29... Bc5 $11) 30. Rxd1 (30. Bxd1 Bc5 $11 (30... Nc5 $11)) 30... Nxa5 $11 (
30... Bc5)) 28... Rxd1+ 29. Bxd1 $5 (29. Rxd1 Nd6 $14 (29... Rd8 30. Rxd8 Bxd8
31. Nc4 $14)) 29... Nd6 {[><c4]} 30. a5 (30. c4 $5) 30... Bb7 31. c4 Rc8 32.
Be2 (32. axb6 axb6 33. Ra7 $13) (32. Bb3 $6 h3 $1 {><g2, h3}) 32... Ke8 (32...
h3 33. g3 Ke8 $14) 33. axb6 axb6 34. Ra7 Ra8 $6 (34... Rc7 35. Nc2 $14) 35.
Rxa8+ Bxa8 36. c5 $1 bxc5 37. bxc5 {[o^ c5]} Nf7 (37... Nb7 38. Bb5+ (38. Nc4
Bxc5 39. Nxe5 Bxf2+ 40. Kxf2 $16 {><h4}) 38... Kd8 39. Nc4 Bxc5 (39... Nxc5 40.
Nxe5 $16 {><h4}) 40. Nxe5 Bxf2+ 41. Kxf2 $16 {><h4}) (37... Nc8 38. Ba6 Na7 39.
Nc4 $14) 38. Bb5+ Kd8 $138 39. Nc4 Bd5 $2 (39... Kc7 $142 40. Be8 (40. Nb6 Bc6
41. Bc4 Ng5 $13) 40... Bd5 $8 41. Nb6 Ng5 42. Nxd5+ (42. h3 $2 Bxf3 $1) 42...
exd5 $132) 40. c6 Bxc4 $4 (40... Kc8 $8 41. Bb6 Bd8 $8 42. Nd6+ Nxd6 43. Ba6+
Kb8 44. Bxd8 Bxc6 45. Bxh4 $16 {^^, o^h}) 41. Bb6+ {[41...Kc8 42.Bc4 Bd8 43.
Be6 Kb8 44.Bc5+-]} 1-0

[Event "PCA-Wch Candidates m1"]
[Site "New York"]
[Date "1994.??.??"]
[Round "8"]
[White "Adams, Michael"]
[Black "Tiviakov, Sergei"]
[Result "1/2-1/2"]
[WhiteElo "2660"]
[BlackElo "2630"]
[Annotator "Tiviakov,S"]
[PlyCount "75"]
[EventDate "1994.06.??"]
[EventType "match"]
[EventRounds "8"]
[EventCountry "USA"]
[SourceTitle "CBM 042"]
[Source "ChessBase"]
[SourceDate "1994.10.01"]
[SourceVersion "1"]
[SourceVersionDate "1994.10.01"]
[SourceQuality "1"]

1. e4 c5 2. c3 Nf6 3. e5 Nd5 4. Nf3 Nc6 5. Bc4 Nb6 6. Be2 (6. Bb3 {Ivanchuk,
V-Kasparov,G/Dortmund/1992/}) 6... d6 7. exd6 e6 (7... Qxd6 8. d4 e6 9. O-O Be7
) 8. d4 Bxd6 (8... cxd4 9. Nxd4 (9. cxd4 Bxd6) 9... Nxd4 10. Qxd4 Qxd6 $10) 9.
dxc5 (9. O-O) 9... Bxc5 10. Qxd8+ Nxd8 $10 11. Nbd2 f6 12. O-O (12. a4 {/\ a5})
12... Bd7 13. Rd1 {/\ Ne4} Nf7 14. c4 (14. Ne4 Be7 15. c4) 14... Be7 15. Ne4
O-O-O 16. Be3 Bc6 17. Nc5 e5 18. Rxd8+ (18. Ne6 Rxd1+ 19. Rxd1 g6) 18... Rxd8
19. Ne6 Rg8 20. b3 (20. Bc5 Kd7 21. Bxe7 Kxe7 $15) 20... f5 21. Rd1 g5 22. Bc5
Bf6 23. Ne1 {/\ Bh5} g4 (23... Re8 24. Bh5) (23... Bd7 24. Nf8) 24. Bd3 e4 25.
Be2 Ne5 26. Nc2 Bd7 27. Nf4 Ng6 28. Bd6 Na8 $6 29. Nd5 Bd8 30. Nce3 Nb6 31. Nf4
Bg5 32. g3 $6 (32. Ned5 $14) 32... Bxf4 33. Bxf4 Nxf4 34. gxf4 Na8 35. Rd6 Rg6
36. Rxg6 hxg6 37. Nd5 Kd8 38. h3 1/2-1/2

[Event "NED-ch61"]
[Site "Hilversum"]
[Date "2006.06.28"]
[Round "10"]
[White "Tiviakov, Sergei"]
[Black "Timman, Jan H"]
[Result "1-0"]
[WhiteElo "2669"]
[BlackElo "2616"]
[Annotator "Tiviakov,S"]
[PlyCount "69"]
[EventDate "2006.06.17"]
[EventType "tourn"]
[EventRounds "11"]
[EventCountry "NED"]
[EventCategory "13"]
[SourceTitle "CBM 113"]
[Source "ChessBase"]
[SourceDate "2006.07.31"]
[SourceVersion "1"]
[SourceVersionDate "2006.07.31"]
[SourceQuality "1"]

1. e4 c5 2. c3 Nf6 3. e5 Nd5 4. Nf3 Nc6 5. Bc4 Nb6 6. Bb3 c4 7. Bc2 Qc7 8. Qe2
g5 9. h3 Bg7 10. O-O Nxe5 11. Nxg5 d5 12. a4 $5 h6 13. Nf3 Nbd7 14. Re1 (14. d4
$5) 14... Bf6 $146 (14... O-O 15. Na3 a6 (15... e6 16. Nb5 Qd8 17. Nxe5 Nxe5
18. f4 Nc6 19. d3 a6 20. Na3 b5 21. d4 f5 22. Nb1 b4 23. Kh1 Bd7 24. Nd2 Rb8
25. Nf3 {1/2-1/2 Yudin Sergei (RUS)-Anisimov Pavel (RUS)/Essentuki (Russia)
2003/TopBase 2003 (25)}) 16. d4 cxd3 17. Bxd3 Nxd3 18. Qxd3 e6 19. Be3 b6 (
19... Nc5 20. Bxc5 Qxc5 21. Nc2 b6 22. Ne3 Bb7 23. Ng4 Rac8 24. Nd4 Qc7 25. Qe3
Kh7 26. Re2 Rg8 27. Rae1 Qc4 28. Qf4 Rcf8 29. Re3 Bc8 30. b3 Qc5 31. Kh1 f5 32.
Ne5 Qc7 33. Qf3 Rf6 34. b4 a5 35. b5 Rgf8 36. Qh5 f4 37. R3e2 Qxc3 38. Nef3 Kh8
39. Nxe6 Bxe6 40. Rxe6 Qc2 41. Re7 Qxa4 42. Ne5 Qxb5 43. Ng6+ Kg8 44. Nxf8 Bxf8
45. Qg4+ Kh8 46. Re8 Qb4 47. R1e6 {1-0 Smilovici,E-Chambers,C/IECG 2003/
Telechess CBM 105 (47)}) 20. Qd2 Kh7 21. Bf4 e5 22. Bg3 Bb7 23. Nd4 Qd6 24. Nf5
Qg6 25. Nxg7 Qxg7 26. Nc4 dxc4 27. Qxd7 f6 28. Rad1 Rf7 29. Qf5+ Qg6 30. Qxg6+
Kxg6 31. Rd6 Kf5 32. Rxb6 Rd8 33. Bh4 Rd2 34. Bxf6 Rxf6 35. Rxb7 e4 36. Re7 Rb6
37. R1xe4 Rbxb2 38. g4+ Kg5 39. R4e5+ Kg6 40. R5e6+ {1-0 Sermek,D-Sveshnikov,E/
Dubai 2001/CBM 083 (40)}) 15. d4 cxd3 (15... Nxf3+ 16. Qxf3 Qc6 17. a5 $16 (17.
b3 $16)) 16. Bxd3 Nxd3 17. Qxd3 Nc5 (17... Qd6 18. Na3 $14 (18. Be3 $14)) 18.
Qxd5 Be6 19. Qh5 Rd8 $2 (19... O-O-O $142 20. Nd4 (20. Bf4 Qxf4 21. Qxc5+ Kb8
22. Qe3 Qxe3 23. fxe3 Rhg8 24. Kf2 $44) 20... Bxd4 (20... Rxd4 21. cxd4 Nd3 22.
Ra3 Nxe1 23. Rc3 Bc4 24. Na3 $18) 21. cxd4 Nb3 (21... Nd3 $2 22. Ra3 Rxd4 (
22... Nxe1 $6 23. Rc3 Bc4 24. Na3 $18 Rd5 (24... Rxd4 25. Nb5 Qd7 26. Nxd4 Qxd4
27. Qxf7 $18) (24... Rd6 25. Nb5 $18) (24... Kb8 25. Rxc4 Qd7 26. Qe5+ $18) 25.
Qd1 $18) 23. Be3 Nxe1 24. Bxd4 Rg8 25. g3 Qc6 26. Rc3 Bc4 27. Qc5 $16) 22. Ra3
Rd5 (22... Rhg8 23. Be3 $14) 23. Qf3 Nxd4 24. Qe4 Nc6 (24... f5 25. Qe3 $16 (
25. Qf4 $14)) 25. Bf4 Qb6 26. Rc3 Rhd8 $14) (19... Qc6 20. Na3 $14) 20. Nd4
Bxd4 (20... Bd5 21. Nb5 $16) 21. cxd4 Nb3 22. Nc3 $1 (22. Ra3 Rd5 $13) 22...
Nxa1 (22... Qc6 23. d5 Bxd5 24. Qe5 O-O 25. Ra3 Bc4 $8 26. Bf4 $16 {->} (26.
Re4 $5)) 23. Rxe6 $6 (23. d5 $1 Bxh3 (23... Bc8 $6 24. Ne4 (24. Bg5 Rd7 25. Ne4
Nc2 26. d6 $18) 24... Qb6 $8 25. d6 Be6 (25... Rxd6 26. Be3 Qb4 27. Nxd6+ Qxd6
28. Bc5 $18) 26. Nf6+ exf6 27. Rxe6+ Kd7 28. Rxf6 Rdf8 29. Qe5 $1 $18) 24. Qxh3
Nc2 25. Re4 $18) 23... Nb3 (23... Rxd4 24. Bg5 Rd7 25. Nb5 $18) (23... Nc2 24.
d5 $5 Nb4 (24... Nd4 25. Re4 $18) 25. d6 Rxd6 26. Bf4 $18) 24. Be3 $6 (24. Bg5
$2 hxg5 25. Qxh8+ Kd7 26. Qe5 fxe6 27. Qb5+ Qc6 28. Qxb3 Ke8 $15 {_|_}) (24. d5
$1 Nxc1 25. d6 Rxd6 (25... Qxd6 26. Rxd6 Rxd6 27. Qb5+ Rd7 28. Qe5 $18) 26. Nb5
Rd1+ (26... Ne2+ 27. Kh2 $1 $18) 27. Qxd1 Qd7 28. Qh5 $18) 24... Nxd4 25. Re4 (
25. Rxh6 Rxh6 26. Bxh6 $44) 25... Nc6 (25... Nc2 26. Bc5 Rd7 27. Bxe7 Rxe7 28.
Nd5 $18) 26. b4 Rd3 $6 (26... b6 27. Bf4 Qb7 (27... Qd7 28. b5 Na5 29. Bg5 $18
(29. Be5 $18)) 28. Nd5 Rxd5 29. Qxd5 Qd7 30. Qb3 $18 {->}) (26... Rd7 27. b5
Na5 (27... Nd8 28. Nd5 Rxd5 (28... Qd6 29. Bc5 Qxd5 30. Rxe7+ $18) 29. Qxd5 Ne6
30. Rc4 $18) 28. Nd5 Qd6 29. Rd4 e5 30. Rd3 Rg8 (30... Qe6 31. Qd1 O-O 32. Nf6+
Qxf6 33. Rxd7 $18) 31. Qf3 $18 (31. Bc5 Qxd5 32. Rxd5 Rxd5 33. Bxa7 $18)) (
26... Rg8 $142 $8 27. Bf4 (27. b5 Nb4 28. Qh4 (28. Qc5 Qxc5 29. Bxc5 Nd5 30.
Nxd5 Rxd5 31. Rxe7+ Kd8 $15) (28. Bc5 Rg5 $17) 28... Rg6 $11) 27... Qc8 (27...
Qd7 28. Bxh6 Qd6 $13) 28. Nd5 (28. b5 Nd4 29. Nd5 Nf3+ $1 30. Qxf3 Rxd5 $13)
28... Rxd5 29. Qxd5 Qxh3 $13) 27. Nd5 Qd6 (27... Rxd5 28. Qxd5 Qd7 29. Qxd7+
Kxd7 30. b5 Nd8 31. Bxa7 $18) 28. Nf4 Rxe3 $8 (28... Rd1+ 29. Kh2 Rg8 (29...
Re1 30. b5 Rxe3 (30... Nd8 31. Bc5 Rxe4 (31... Qxc5 32. Qxc5 Rxe4 33. Nd5 $18)
32. Bxd6 exd6 33. Nd5 $18) 31. fxe3 Nd8 32. Kh1 $18 {/\Nd5}) 30. Re6 $1 Qd8 31.
Rxh6 Rd6 $8 32. Rh7 (32. Ne6 Qc8 (32... Rxe6 33. Rxe6 $18) 33. Ng7+ Kf8 34.
Rxd6 exd6 35. Nf5 Qe6 36. b5 Ne5 37. Qh6+ Qxh6 38. Bxh6+ Ke8 39. Nxd6+ Kd7 40.
Nxb7 $18) 32... Rf6 33. Nd5 Rfg6 34. g3 $18 Qd6 $140 35. Bc5) 29. fxe3 Nd8 $2 (
29... Rg8 $142 30. b5 (30. Qf5 Qd2 31. Qc8+ Nd8 $14) 30... Rg5 31. Qe2 Ne5 32.
Rd4 Qa3 $16) 30. Nd5 $18 e6 (30... Kf8 31. Nxe7 $18) 31. Nf6+ Kf8 (31... Ke7
32. Rf4 (32. Rd4 Qg3 33. Qc5+ Kxf6 34. Rf4+ Kg6 35. Rg4+ Qxg4 36. hxg4 a6 $16)
32... Kf8 (32... e5 33. Rf3 $18) 33. Rd4 $18 {- 31...Kf8}) 32. Rd4 Qc7 33. Rd7
Qc1+ (33... Qc8 34. Qe5 $18) 34. Kh2 Kg7 35. Qe5 1-0

[Event "Solsona op 3rd"]
[Site "Solsona"]
[Date "2005.08.18"]
[Round "8"]
[White "Tiviakov, Sergei"]
[Black "Parligras, Mircea Emilian"]
[Result "1-0"]
[WhiteElo "2678"]
[BlackElo "2571"]
[Annotator "Tiviakov,S"]
[PlyCount "47"]
[EventDate "2005.08.12"]
[EventType "swiss"]
[EventRounds "9"]
[EventCountry "ESP"]
[SourceTitle "CBM 108"]
[Source "ChessBase"]
[SourceDate "2005.09.26"]
[SourceVersion "1"]
[SourceVersionDate "2005.09.26"]
[SourceQuality "1"]

1. e4 c5 2. c3 Nf6 3. e5 Nd5 4. Bc4 $5 e6 (4... Nb6) 5. d4 $5 (5. Nf3) (5. Bxd5
exd5 6. Qf3 Nc6 7. Qxd5 d6 $44) 5... cxd4 (5... d6 6. exd6 cxd4 (6... Bxd6 7.
dxc5 (7. Bxd5 exd5 8. dxc5 $14) 7... Bxc5 8. Nf3 $14) (6... Qxd6 7. dxc5 (7.
Nf3 $5) 7... Qxc5 8. Bxd5 $14) 7. Bxd5 (7. Qxd4 $5) 7... exd5 8. Qxd4 Qxd6 (
8... Nc6 9. Qxd5 {- 5...cd}) 9. Ne2 $146 (9. Bf4 Nc6 10. Qe3+ Qe6 11. Nf3 $14 {
1/2-1/2 Jakymov,V-Fritz 8/Kyiv 2003/CT-0960 (59)}) 9... Nc6 10. Qd3 Be6 (10...
Be7 $5 11. O-O O-O {/\Ne5}) (10... Ne5 11. Qg3 $14) 11. Bf4 Qd7 12. Nd2 Be7 13.
Nb3 $14 {1-0 Tiviakov,S-Neverov,V/Warsaw 2005 (104)}) 6. Bxd5 exd5 7. Qxd4 Nc6
8. Qxd5 d6 9. exd6 Bxd6 (9... Be6 $5 10. d7+ $1 Bxd7 11. Nf3 (11. Bg5 $5) (11.
Ne2 $5) 11... Be7 12. O-O O-O 13. Be3 (13. Bg5 $14) 13... Be6 14. Qxd8 Rfxd8
15. Nbd2 Rd5 16. Nd4 Nxd4 17. Bxd4 b5 18. Nf3 a5 19. Rfe1 Bd6 20. a4 b4 21. c4
Rh5 22. b3 Bg4 23. Ne5 Bf5 24. g3 Bc2 25. c5 Bxe5 26. Bxe5 Bxb3 27. c6 f6 28.
Bd6 Rd5 29. Be7 Rc8 30. Rac1 Bxa4 31. c7 Bd7 32. Bd8 b3 33. Rcd1 Rxd1 34. Rxd1
Bf5 35. Kg2 Kf7 36. f3 a4 37. g4 {0-1 Sarkisian,A-Arutiunov,A/Yerevan 1984/EXT
2005 (37)}) (9... Qxd6 10. Qe4+ (10. Qxd6 $14 {_|_}) 10... Qe5 11. Nd2 Bf5 12.
Qe2 O-O-O 13. Qxe5 Nxe5 14. Ndf3 Nd3+ 15. Kf1 Bc5 16. Nd4 Bxd4 17. cxd4 Rxd4
18. Be3 Rd5 19. Ne2 Rhd8 20. Bxa7 Nxb2 21. Rc1+ Kd7 22. f3 Bd3 23. Kf2 Bxe2 24.
Kxe2 Re8+ 25. Kf1 Rd2 26. h4 b5 27. a3 Ree2 28. Rh2 Nd3 29. Rd1 Re6 30. Rb1
Rde2 {0-1 Sepiurka,S-Link,H/B.Aires tt ch-FMDA 1983/Inforbase 2003 (30)}) 10.
Bg5 $146 (10. Qe4+ $5 Be6 11. Nf3 $14 Qa5 (11... Qd7 $5 {/\0-0-0}) 12. Bf4
O-O-O 13. O-O Rhe8 14. Bxd6 Bf5 15. Qc4 Rxd6 16. Nbd2 Bd3 17. Qg4+ f5 18. Qf4
Qd8 19. Rfe1 Be4 20. Nxe4 fxe4 21. Ng5 e3 22. fxe3 Ne5 23. Nf7 Nxf7 24. Qxf7
Rd2 25. Re2 Rd7 26. Qf5 Rf8 27. Qg4 Kb8 28. Rf1 Rxf1+ 29. Kxf1 Rf7+ 30. Rf2
Qd3+ 31. Qe2 Qb1+ 32. Qe1 Rxf2+ 33. Kxf2 Qxb2+ 34. Kf3 Qxa2 35. Qg3+ Ka8 36.
Qxg7 a5 37. e4 a4 38. Qh8+ Ka7 39. Qd4+ Ka6 40. e5 a3 41. Qd6+ Ka7 42. e6 Qb3
43. Qc5+ Ka6 44. e7 Qf7+ 45. Ke4 a2 46. Qa3+ Kb5 47. Qb4+ Kc6 48. Qa4+ b5 49.
Qa8+ Kb6 50. Qb8+ Ka6 51. e8=Q Qc4+ 52. Kf5 Qf1+ 53. Ke6 Qc4+ 54. Kd7 {1-0
Briggs,P-Freeman,G/Millfield 2000/CBM 077 ext (54)}) (10. Nf3 O-O 11. Be3 Re8
$44 12. Nbd2 $4 Rxe3+ {0-1 Van Eeckhout-Ciais/corr 1991 (12)}) 10... Ne7 (10...
Qc7 $142 11. Nf3 O-O 12. O-O Be6 $44) 11. Qf3 $1 O-O (11... Qb6 12. b3 $14) 12.
Ne2 Qb6 (12... Qa5 13. Bxe7 Bxe7 14. Nd2 $14) (12... Qc7 13. Nd2 $14 (13. Bf4
$5)) 13. b3 (13. Nd2 Qxb2 14. O-O Ng6 (14... Qb5 15. Ne4 $11) 15. Nc4 $140 $2
Bxh2+ 16. Kxh2 Qb5 $17) 13... Qb5 (13... Be6 14. O-O $14) 14. Bxe7 $1 Bxe7 15.
Nd2 $1 (15. O-O Qg5 $1 $32 {פb1}) 15... a5 $6 (15... Bd7 $14 {^^}) (15... Qg5
16. Ne4 $14) 16. O-O Ra6 17. Nd4 Qd7 (17... Qg5 18. Rfe1 $5) 18. Rad1 $1 $16 (
18. Ne4 f5 $1) (18. Rfe1 Bf6 $14) 18... Rg6 (18... Rf6 19. Qe3 $16) 19. Rfe1 b6
$5 (19... Qc7 $142 20. h3 $16) 20. Nc4 $1 Rf6 (20... Bb7 21. Ne5 $1 (21. Nxb6
$5 Rxb6 22. Nf5 Bxf3 23. Rxd7 Bf6 24. gxf3 Bxc3 $16) 21... Bxf3 22. Nxd7 Bxd1 (
22... Bxg2 23. Ne5 Rg5 24. f4 $18) (22... Rxg2+ 23. Kh1 $18) 23. Nxf8 Kxf8 24.
Rxd1 $18 {_|_}) (20... Qc7 21. Ne5 Rh6 $16 (21... Rf6 {- 20...Rf6})) 21. Ne5 (
21. Nf5 $5 Qxf5 (21... Rxf5 22. Rxd7 Rxf3 23. gxf3 Bxd7 24. Rxe7 Bc6 25. Nxb6
Bxf3 26. h3 $18) 22. Qxf5 Bxf5 23. Rxe7 $18 {_|_}) 21... Qc7 $8 22. Qg3 Bc5 $4
$138 (22... Qb7 $142 $16) (22... Qc5 23. b4 axb4 24. cxb4 $18) 23. Ng4 Rf4 (
23... Rd6 24. Nf6+ Kh8 (24... Rxf6 25. Qxc7 $18) 25. Ne8 $18) 24. Nf6+ {
[24...Kh8 25.Ne8+-]} 1-0